| 000 | 00611na a2200217 4500 | ||
|---|---|---|---|
| 001 | 21651 | ||
| 003 | MIRAKIL | ||
| 005 | 20181213155220.0 | ||
| 008 | 170206b tu 000 0 | ||
| 035 | _a21651 | ||
| 040 |
_aMilas _btur _cTR-AnCHP |
||
| 041 | _atur | ||
| 082 |
_a351.7225 _bİ45 2006 |
||
| 090 | _a351.7225 İ45 2006 | ||
| 245 |
_a2006 yılı merkezi yönetim kesin hesabı _cT.C. Maliye Bakanlığı |
||
| 260 |
_aAnkara _bMaliye Bakanlığı _c2006 |
||
| 300 |
_a740 s. _btbl. _c20 sm. |
||
| 610 |
_aMerkezi yönetim _xKesin bütçe _y2006 |
||
| 710 | _aMaliye Bakanlığı | ||
| 942 |
_2ddc _cBKS |
||
| 999 |
_c8670 _d8670 |
||